000 01109nac a22003017a 4500
001 BR8007584
003 BR-BrBNA
005 20240105114845.0
008 230509b bl.|||m| |||| 00| 0 por d
040 _aBR-BrBNA
_bpor
_cBiblioteca Nacional de Agricultura
072 _aJ10
090 _a4015 BR8007584
100 1 _aReis, S.C.
110 1 _aCompanhia Brasileira de Armazenamento, Brasilia, DF (Brasil). Depto. de Operacoes de Unidades de Meio Ambiente Natural
_92308
245 1 _aInformativo tecnico DENAT. 8. instrucoes para manuseio e aplicacao do DDPV (diclorvos)no combate as pragas dos graos armazenados [Departamento de Operacoes de Unidades de Meio Ambiente Natural]
260 3 _aBrasilia, DF (Brasil):
_c[nd].
300 _a30 p.
490 _aInformativo Tecnico DENAT (Brazil)
_vno. 8
_x
500 _aPublished after 1980
650 _aPRODUTO ARMAZENADO
650 _aGRAO
650 _aFUMIGACAO
650 _aCONTROLE QUIMICO
650 _aINSETICIDA
650 _aPRAGA DE PRODUTO ARMAZENADO
909 _a202312
_bLúcia Elande
_c55
_dLúcia Elande
942 _2AGRIS
_n0
_cMS
999 _c271705
_d271705